[Event "London league"]
[Site "?"]
[Date "1997.10.13"]
[Round "?"]
[White "Stebbings, A."]
[Black "Bradbury, N."]
[Result "1/2-1/2"]
[WhiteElo "2224"]
[BlackElo "2232"]
[PlyCount "48"]
[EventDate "1997.??.??"]

1. d4 Nf6 2. c4 e6 3. Nc3 c5 4. Nf3 cxd4 5. Nxd4 a6 6. g3 Be7 7. Bg2 Qc7 8. Qd3
O-O 9. O-O d6 10. b3 Nbd7 11. Bb2 Re8 12. Rac1 Ne5 13. Qd2 Bd7 14. Rfd1 Rad8
15. e3 Bc8 16. Qe2 Bf8 17. h3 h6 18. Rd2 Nc6 19. Qd3 Qd7 20. Ne4 Nxe4 21. Qxe4
Nxd4 22. Qxd4 Qc7 23. a4 Qa5 24. Bc3 Qc7 1/2-1/2

[Event "London league"]
[Site "?"]
[Date "1997.11.03"]
[Round "?"]
[White "Poulton, J."]
[Black "Stebbings, A."]
[Result "1/2-1/2"]
[WhiteElo "2352"]
[BlackElo "2224"]
[PlyCount "73"]
[EventDate "1997.??.??"]

1. e4 c5 2. Nf3 e6 3. g3 d5 4. exd5 exd5 5. d4 Nf6 6. Bg2 Be7 7. O-O O-O 8. Be3
c4 9. Ne5 Nc6 10. Nc3 Re8 11. h3 Bb4 12. Ng4 Bxg4 13. hxg4 Bxc3 14. bxc3 Ne4
15. Bd2 Qa5 16. Re1 Re7 17. Re3 Rae8 18. Be1 h6 19. a4 Qc7 20. Qc1 Qd7 21. Rb1
b6 22. f3 Nf6 23. Bd2 Rxe3 24. Bxe3 Nb8 25. Rb5 Qe6 26. Kf2 Nbd7 27. Qd2 Qc6
28. Bf4 a6 29. Rb4 Qe6 30. Rb1 Qc6 31. Rh1 Qxa4 32. g5 hxg5 33. Bxg5 Qc6 34.
Bh3 Qd6 35. Bf5 a5 36. Bf4 Qe7 37. g4 1/2-1/2

[Event "London league"]
[Site "?"]
[Date "1997.11.20"]
[Round "?"]
[White "Stebbings, A."]
[Black "O'Donovan, P."]
[Result "1-0"]
[WhiteElo "2224"]
[BlackElo "2136"]
[PlyCount "61"]
[EventDate "1997.??.??"]

1. e4 e5 2. Nf3 f5 3. Nxe5 Nc6 4. Nxc6 dxc6 5. d4 Qh4 6. exf5 Bxf5 7. Bd3 Ne7
8. Be3 O-O-O 9. Nc3 g6 10. g3 Qf6 11. Qf3 Qe6 12. Bxf5 Nxf5 13. O-O-O Bg7 14.
Rhe1 Qc4 15. Qe2 Qb4 16. a3 Qa5 17. Qc4 Rd6 18. Rd3 Rhd8 19. Red1 Nxe3 20. fxe3
Qh5 21. h4 Qf3 22. e4 Qg4 23. Kb1 g5 24. hxg5 Qxg5 25. e5 Rh6 26. Ne4 Qg4 27.
Nc5 Rf8 28. e6 Re8 29. Re1 Bf6 30. Qa4 Be7 31. Qxa7 1-0

[Event "London league"]
[Site "?"]
[Date "1997.12.04"]
[Round "?"]
[White "Stebbings, A."]
[Black "Hon, A."]
[Result "1-0"]
[WhiteElo "2224"]
[BlackElo "2184"]
[PlyCount "53"]
[EventDate "1997.??.??"]

1. e4 d6 2. d4 g6 3. Nc3 Bg7 4. Nge2 Nf6 5. g3 O-O 6. Bg2 e5 7. h3 Nc6 8. Be3
exd4 9. Nxd4 Bd7 10. O-O Re8 11. Re1 a6 12. a4 Rb8 13. a5 Qc8 14. Kh2 Re5 15.
f4 Rh5 16. f5 gxf5 17. Nd5 Ng4+ 18. Kh1 Qd8 19. Nxf5 Bxf5 20. exf5 Nce5 21. Ra4
Qg5 22. f6 Nxe3 23. Rxe3 c6 24. Ne7+ Kf8 25. Qxd6 Qxf6 26. Ng6+ Ke8 27. Qxb8+
1-0

[Event "National Club ch."]
[Site "?"]
[Date "1997.12.06"]
[Round "?"]
[White "Stebbings, A."]
[Black "Dodgson, J."]
[Result "1/2-1/2"]
[WhiteElo "2224"]
[BlackElo "2032"]
[PlyCount "78"]
[EventDate "1997.??.??"]

1. e4 c5 2. Nf3 e6 3. d4 d5 4. exd5 exd5 5. Nc3 Nf6 6. Bb5+ Nc6 7. Bg5 Be7 8.
dxc5 O-O 9. O-O Be6 10. Nd4 Qc7 11. Be2 Nxd4 12. Qxd4 Bxc5 13. Qh4 Be7 14. Bd3
h6 15. Bf4 Qb6 16. Rae1 Qb4 17. a3 Qxb2 18. Nb5 a6 19. Bc1 Qa2 20. Nc7 Rac8 21.
Nxe6 fxe6 22. Rxe6 Bd8 23. Rfe1 Ne4 24. Qh5 Rc6 25. Qg6 Bb6 26. Bxh6 Bxf2+ 27.
Kh1 Bd4 28. Bxe4 dxe4 29. Rxc6 bxc6 30. Qxe4 c5 31. Bc1 Qc4 32. Qd3 Qxd3 33.
cxd3 Rb8 34. h3 Rb1 35. Bd2 Rb3 36. Be3 Rxd3 37. Bxd4 cxd4 38. Re8+ Kf7 39. Rd8
Ke7 1/2-1/2

[Event "Kent league"]
[Site "?"]
[Date "1997.12.09"]
[Round "?"]
[White "Stebbings, A."]
[Black "Mack, A."]
[Result "0-1"]
[WhiteElo "2224"]
[BlackElo "2216"]
[PlyCount "94"]
[EventDate "1997.??.??"]

1. d4 Nf6 2. c4 g6 3. Nc3 Bg7 4. e4 d6 5. Be2 O-O 6. Bg5 Na6 7. Qd2 e5 8. d5
Qe8 9. Bd3 Bd7 10. Nge2 Nh5 11. f3 f5 12. exf5 gxf5 13. O-O-O Nc5 14. Bc2 Na4
15. Nxa4 Bxa4 16. Nc3 Bxc2 17. Qxc2 a6 18. Be3 b5 19. c5 b4 20. Na4 Kh8 21. Kb1
Qf7 22. Rd2 Rae8 23. Rhd1 Qg6 24. b3 e4 25. f4 Nf6 26. Bd4 Qg4 27. g3 e3 28.
Re2 Qf3 29. Rde1 Nxd5 30. Bxg7+ Kxg7 31. cxd6 cxd6 32. Qd3 Qe4 33. Rd1 Nc7 34.
Qxe4 Rxe4 35. Rxd6 Nb5 36. Rd3 Rc8 37. Kb2 Na3 38. Rd7+ Kf6 39. Rd6+ Kf7 40.
Rd7+ Kf6 41. Rd6+ Ke7 42. Rd1 Re6 43. Rc1 Rd8 44. g4 Rd2+ 45. Rxd2 exd2 46. Rd1
Re1 47. Nc3 bxc3+ 0-1

[Event "London league"]
[Site "?"]
[Date "1998.01.12"]
[Round "?"]
[White "Stebbings, A."]
[Black "Harris, R."]
[Result "1/2-1/2"]
[WhiteElo "2224"]
[BlackElo "2152"]
[PlyCount "70"]
[EventDate "1998.??.??"]

1. e4 c5 2. Nf3 e6 3. d4 cxd4 4. Nxd4 Nc6 5. Nb5 d6 6. Bf4 e5 7. Be3 Be6 8. Nd2
a6 9. Nc3 Nf6 10. Nc4 b5 11. Nb6 Rb8 12. Nbd5 Be7 13. a4 bxa4 14. Bxa6 O-O 15.
Bb5 Nd4 16. Nxe7+ Qxe7 17. Bxd4 exd4 18. Qxd4 d5 19. e5 Ne4 20. Bxa4 Rb4 21.
Nxd5 Bxd5 22. Qxd5 Rd8 23. Qa5 Nd2 24. Bc6 Nc4 25. Qa7 Qxe5+ 26. Kf1 Rxb2 27.
g3 Rxc2 28. Re1 Qf6 29. Be4 Nd2+ 30. Kg2 Nxe4 31. Rxe4 Qc6 32. Qe7 Rc8 33. Rhe1
f5 34. Qe6+ Qxe6 35. Rxe6 R8c7 1/2-1/2

[Event "London league"]
[Site "?"]
[Date "1998.01.27"]
[Round "?"]
[White "Houska, M."]
[Black "Stebbings, A."]
[Result "0-1"]
[WhiteElo "2288"]
[BlackElo "2224"]
[PlyCount "120"]
[EventDate "1998.??.??"]

1. c4 Nf6 2. Nc3 c5 3. e4 Nc6 4. Nge2 e6 5. d4 cxd4 6. Nxd4 Bb4 7. Nxc6 bxc6 8.
Bd3 e5 9. O-O Bc5 10. a3 O-O 11. Bg5 h6 12. Bh4 d6 13. b4 Bd4 14. Rc1 a5 15.
Ne2 Bb2 16. Rb1 Bd4 17. Nxd4 exd4 18. Bc2 axb4 19. axb4 Be6 20. Qxd4 c5 21.
bxc5 dxc5 22. Qxc5 Qd2 23. Bxf6 Qxc2 24. Be7 Rfc8 25. Qe3 Rxc4 26. Rfe1 Raa4
27. Qg3 Rxe4 28. Rec1 Qe2 29. h3 Kh7 30. Bf8 g6 31. Qc3 Rad4 32. Re1 Qc4 33.
Qf3 Rxe1+ 34. Rxe1 Rf4 35. Qe3 Qd4 36. Qg3 Bd5 37. Re8 Rf5 38. Bd6 Qa4 39. Re5
Qd1+ 40. Kh2 Bxg2 41. Kxg2 Qxd6 42. Rxf5 Qxg3+ 43. fxg3 gxf5 44. Kf3 Kg6 45.
Ke3 Kg5 46. Kf3 Kf6 47. Kf4 Ke6 48. Kf3 Ke5 49. Ke3 Ke6 50. Kf4 Kf6 51. Ke3 Ke5
52. Kf3 Ke6 53. Kf4 Kf6 54. Kf3 Kg5 55. h4+ Kf6 56. Kf4 Ke6 57. Ke3 h5 58. Kf4
Kf6 59. Ke3 Ke5 60. Kf3 f4 0-1

[Event "London league"]
[Site "?"]
[Date "1998.02.09"]
[Round "?"]
[White "Stebbings, A."]
[Black "Cubitt, C."]
[Result "1-0"]
[WhiteElo "2224"]
[BlackElo "2256"]
[PlyCount "47"]
[EventDate "1998.??.??"]

1. d4 f5 2. Bg5 g6 3. Nc3 Bg7 4. e4 fxe4 5. Nxe4 d5 6. Nc5 b6 7. Nb3 Qd6 8. Nf3
Nc6 9. Qd2 Bb7 10. Bf4 Qe6+ 11. Be2 Nf6 12. O-O Ne4 13. Qe3 O-O-O 14. c3 Rhf8
15. Rae1 Qf5 16. g3 e5 17. dxe5 Nxe5 18. Bxe5 Bxe5 19. Nxe5 Qxe5 20. Nd4 Qf6
21. Bg4+ Kb8 22. f3 Ba6 23. fxe4 Bxf1 24. e5 1-0

[Event "London league"]
[Site "?"]
[Date "1998.03.05"]
[Round "?"]
[White "Stebbings, A."]
[Black "Lehtivaara, P."]
[Result "0-1"]
[WhiteElo "2224"]
[BlackElo "2440"]
[PlyCount "84"]
[EventDate "1998.??.??"]

1. e4 e5 2. Nf3 Nc6 3. Bb5 a6 4. Ba4 Nf6 5. Qe2 d6 6. c3 Bd7 7. d4 Qe7 8. d5
Nb8 9. Bxd7+ Nbxd7 10. c4 g6 11. Nc3 Bg7 12. O-O O-O 13. Bd2 Ne8 14. b4 f5 15.
Rfc1 fxe4 16. Nxe4 Nef6 17. Bg5 Qe8 18. Nfd2 Nh5 19. Be3 Nf4 20. Qf1 h6 21. a4
g5 22. a5 Qg6 23. Rab1 Nf6 24. Nxf6+ Bxf6 25. b5 g4 26. bxa6 bxa6 27. Rb7 Rf7
28. Rcb1 Bg5 29. Rb8+ Rxb8 30. Rxb8+ Kg7 31. Bxf4 Bxf4 32. Qe2 Bxd2 33. Qxd2
Qe4 34. Qc1 Qd4 35. Qf1 Qd2 36. h3 g3 37. f3 Qxa5 38. Qb1 Qc3 39. Kh1 a5 40.
Ra8 e4 41. fxe4 Rf2 42. Qd1 Re2 0-1

[Event "National Club ch."]
[Site "?"]
[Date "1998.03.28"]
[Round "?"]
[White "Stebbings, A."]
[Black "White, S."]
[Result "1-0"]
[WhiteElo "2224"]
[BlackElo "1856"]
[PlyCount "73"]
[EventDate "1998.??.??"]

1. d4 d5 2. c4 c6 3. Nc3 Nf6 4. e3 e6 5. Nf3 Be7 6. Qc2 Nbd7 7. b3 a6 8. a4 O-O
9. Bd3 Qc7 10. Bb2 Re8 11. O-O b6 12. e4 dxe4 13. Nxe4 Nxe4 14. Bxe4 Nf6 15.
Bd3 h6 16. Rfe1 Bb7 17. Ne5 Red8 18. Qe2 Bb4 19. Red1 Qe7 20. Bc2 Bd6 21. a5 b5
22. c5 Bc7 23. Bc3 Rd5 24. b4 Rdd8 25. Ra3 Rac8 26. Be1 Rd5 27. f4 Rcd8 28. Bf2
Rc8 29. Bh4 Rcd8 30. Rad3 Rc8 31. Bb3 Rdd8 32. f5 Rd5 33. Bxd5 cxd5 34. Ng4 Kh7
35. Rh3 Bf4 36. Rf1 e5 37. Rxf4 1-0

[Event "London league"]
[Site "?"]
[Date "1998.04.28"]
[Round "?"]
[White "Dearing, E."]
[Black "Stebbings, A."]
[Result "1-0"]
[WhiteElo "2344"]
[BlackElo "2224"]
[PlyCount "73"]
[EventDate "1998.??.??"]

1. d4 Nf6 2. c4 e6 3. Nc3 Bb4 4. Qc2 O-O 5. a3 Bxc3+ 6. Qxc3 b6 7. Bg5 Bb7 8.
e3 d6 9. f3 c5 10. dxc5 bxc5 11. Bd3 a5 12. Ne2 Nbd7 13. O-O Qb6 14. Rad1 Rab8
15. Rd2 Rfc8 16. Bf4 e5 17. Bg3 e4 18. Bc2 exf3 19. gxf3 Ne8 20. e4 Ndf6 21.
Rfd1 Rd8 22. Ba4 h6 23. Qe3 Bc6 24. Bxc6 Qxc6 25. Nc3 Rb3 26. e5 Nh5 27. Bh4
Rd7 28. Qe4 Qxe4 29. fxe4 Nf4 30. exd6 Ne6 31. Bf2 Rb6 32. e5 f6 33. Nd5 Ra6
34. b4 axb4 35. axb4 fxe5 36. bxc5 Kf7 37. c6 1-0

[Event "National Club ch."]
[Site "?"]
[Date "1998.05.30"]
[Round "?"]
[White "Stebbings, A."]
[Black "Sedgwick, D."]
[Result "1-0"]
[WhiteElo "2248"]
[BlackElo "1984"]
[PlyCount "57"]
[EventDate "1998.??.??"]

1. e4 e6 2. d4 d5 3. Nd2 Nf6 4. e5 Nfd7 5. f4 c5 6. c3 Nc6 7. Ndf3 cxd4 8. cxd4
Qb6 9. g3 f6 10. Bh3 Bb4+ 11. Kf1 fxe5 12. fxe5 O-O 13. Kg2 Ndxe5 14. dxe5 Nxe5
15. Qe2 Nxf3 16. Nxf3 e5 17. Bxc8 Raxc8 18. Rd1 d4 19. a3 Bd6 20. Qe4 Qb3 21.
Ng5 g6 22. Rd3 Rc2+ 23. Bd2 Qxb2 24. Qd5+ Kh8 25. Rd1 Bb8 26. Kg1 Qb6 27. Nf7+
Rxf7 28. Qxf7 Qd8 29. Bg5 1-0

[Event "Kent league"]
[Site "?"]
[Date "1998.05.31"]
[Round "?"]
[White "Stebbings, A."]
[Black "Watson, I."]
[Result "1/2-1/2"]
[WhiteElo "2248"]
[BlackElo "2384"]
[PlyCount "28"]
[EventDate "1998.??.??"]

1. e4 e5 2. Nf3 Nc6 3. Bb5 g6 4. d4 exd4 5. Bg5 Be7 6. Bxe7 Ngxe7 7. Nxd4 O-O
8. Nc3 d5 9. exd5 Nxd5 10. Nxc6 Qe8+ 11. Qe2 bxc6 12. Nxd5 Qxe2+ 13. Bxe2 cxd5
14. O-O-O Be6 1/2-1/2

[Event "National Club ch."]
[Site "?"]
[Date "1998.07.05"]
[Round "?"]
[White "Ledger, D."]
[Black "Stebbings, A."]
[Result "1/2-1/2"]
[WhiteElo "2248"]
[BlackElo "2248"]
[PlyCount "69"]
[EventDate "1998.??.??"]

1. e4 c5 2. Nc3 Nc6 3. g3 g6 4. d3 Bg7 5. Be3 d6 6. Qd2 e5 7. Bg2 Nge7 8. Bh6
O-O 9. Bxg7 Kxg7 10. Nge2 Nd4 11. O-O Bg4 12. f3 Be6 13. f4 f6 14. Rf2 Qd7 15.
Raf1 Rab8 16. Nc1 b5 17. Nd1 b4 18. c3 bxc3 19. bxc3 Nb5 20. Ne3 exf4 21. Rxf4
f5 22. exf5 Nxf5 23. Nd5 Nc7 24. Nxc7 Qxc7 25. Re1 Bf7 26. Rxf5 gxf5 27. Qg5+
Kh8 28. Re7 Qd8 29. Ne2 Rb1+ 30. Kf2 d5 31. Nf4 Rb2+ 32. Kg1 Rb1+ 33. Kf2 Rb2+
34. Kg1 Rb1+ 35. Kf2 1/2-1/2

[Event "Essex centenary (rapid)"]
[Site "?"]
[Date "1998.10.03"]
[Round "?"]
[White "Sands, D."]
[Black "Stebbings, A."]
[Result "1/2-1/2"]
[WhiteElo "2264"]
[BlackElo "2248"]
[PlyCount "61"]
[EventDate "1998.??.??"]

1. d4 e6 2. c4 Nf6 3. Nc3 Bb4 4. Qc2 c5 5. dxc5 Qc7 6. a3 Bxc5 7. Nf3 a6 8. Bg5
Be7 9. e4 d6 10. Be2 O-O 11. O-O b6 12. Rac1 Bb7 13. Rfe1 Nbd7 14. Bf1 Rac8 15.
Qb1 Qb8 16. Nd2 Rfe8 17. f3 d5 18. cxd5 exd5 19. Be3 Bd6 20. h3 Bh2+ 21. Kh1
Bf4 22. Bxf4 Qxf4 23. Rcd1 h6 24. Bd3 Nc5 25. Ne2 Qh4 26. exd5 Nxd5 27. Nf1
Nxd3 28. Qxd3 Rcd8 29. Qd4 Qg5 30. Qf2 b5 31. Rd4 1/2-1/2

[Event "Essex centenary (rapid)"]
[Site "?"]
[Date "1998.10.03"]
[Round "?"]
[White "Stebbings, A."]
[Black "Sands, D."]
[Result "1-0"]
[WhiteElo "2248"]
[BlackElo "2264"]
[PlyCount "83"]
[EventDate "1998.??.??"]

1. e4 c5 2. Nf3 Nc6 3. d4 cxd4 4. Nxd4 Nf6 5. Nc3 d6 6. f4 e6 7. Be3 Be7 8. Qf3
a6 9. O-O-O Qc7 10. g4 Nxd4 11. Bxd4 e5 12. fxe5 dxe5 13. Qg3 Bd6 14. Be3 Be6
15. g5 Nh5 16. Qf3 Nf4 17. Bb5+ Ke7 18. Ba4 Bc5 19. Bxf4 exf4 20. Rd7+ Bxd7 21.
Nd5+ Kd8 22. Nxc7 Be3+ 23. Kb1 Kxc7 24. Bxd7 Kxd7 25. Rd1+ Kc7 26. e5 Rhd8 27.
Rd6 Rxd6 28. exd6+ Kxd6 29. Qxb7 Ra7 30. Qf3 Rc7 31. b3 a5 32. c4 Rc5 33. h4 g6
34. Kc2 Rf5 35. Kd3 Bc5 36. Ke2 Ke7 37. Qb7+ Kf8 38. Kf3 Kg7 39. Qa8 Bb4 40.
Qe8 Bc5 41. Qe1 Bd4 42. Qd2 1-0

[Event "London league"]
[Site "?"]
[Date "1998.10.15"]
[Round "?"]
[White "Stebbings, A."]
[Black "Harari, Z."]
[Result "1-0"]
[WhiteElo "2248"]
[BlackElo "2152"]
[PlyCount "73"]
[EventDate "1998.??.??"]

1. d4 d5 2. c4 e5 3. dxe5 d4 4. Nf3 Nc6 5. g3 Be6 6. Nbd2 Qd7 7. Bg2 O-O-O 8.
O-O h5 9. h4 Nh6 10. Qa4 Kb8 11. Rd1 Ng4 12. Nb3 Ncxe5 13. Qxd7 Rxd7 14. Nxe5
Nxe5 15. Nxd4 Bc5 16. e3 Nxc4 17. b3 Ne5 18. Bb2 Rhd8 19. Rdc1 Nd3 20. Nxe6
fxe6 21. Rc2 Bb6 22. Bc3 a5 23. Rd1 Nb4 24. Rxd7 Rxd7 25. Rd2 Rxd2 26. Bxd2
Nxa2 27. Bf3 c5 28. Bxh5 Kc8 29. Bg6 Bd8 30. Bb1 Nb4 31. Bc3 Nd5 32. Bxg7 b5
33. Kf1 Nf6 34. Ke2 Kd7 35. Kd2 Kd6 36. Bd3 b4 37. f3 1-0

[Event "Kent league"]
[Site "?"]
[Date "1998.10.20"]
[Round "?"]
[White "Stebbings, A."]
[Black "Roberts, M."]
[Result "1/2-1/2"]
[WhiteElo "2248"]
[BlackElo "1976"]
[PlyCount "72"]
[EventDate "1998.??.??"]

1. e4 e6 2. d4 d5 3. Nd2 c5 4. exd5 Qxd5 5. Ngf3 cxd4 6. Bc4 Qd6 7. O-O Nf6 8.
Nb3 Nc6 9. Nbxd4 Nxd4 10. Nxd4 Bd7 11. Re1 Qc7 12. Qe2 Rc8 13. Bxe6 fxe6 14.
Nxe6 Bxe6 15. Qxe6+ Be7 16. Bf4 Qd7 17. Qb3 Qd5 18. Qa3 Qf7 19. Bd6 Nd5 20. Re2
O-O 21. Bxe7 Nxe7 22. Qxe7 Qxe7 23. Rxe7 Rxc2 24. Rxb7 Rfxf2 25. Rb8+ Kf7 26.
Rf1 Rxf1+ 27. Kxf1 Kf6 28. Rf8+ Ke5 29. Rf2 Rc7 30. Rd2 Kf4 31. Kf2 Ke4 32. Ke2
Rf7 33. b4 Rc7 34. Rb2 Rc3 35. Kd2 Rd3+ 36. Kc2 Re3 1/2-1/2

[Event "London league"]
[Site "?"]
[Date "1998.10.26"]
[Round "?"]
[White "Stebbings, A."]
[Black "Spivack, S."]
[Result "1/2-1/2"]
[WhiteElo "2248"]
[BlackElo "2176"]
[PlyCount "74"]
[EventDate "1998.??.??"]

1. e4 e5 2. Nf3 Nc6 3. Bb5 a6 4. Ba4 Nf6 5. Qe2 b5 6. Bb3 Be7 7. O-O O-O 8. c3
d5 9. d3 Bb7 10. Nbd2 Re8 11. Re1 Bf8 12. a3 Na5 13. Ba2 c5 14. exd5 Bxd5 15.
b4 Bxa2 16. Rxa2 cxb4 17. axb4 Nc6 18. Ne4 Nd5 19. Bd2 Qd7 20. Qd1 f5 21. Ng3
Nc7 22. Bc1 g6 23. Rae2 Bg7 24. Qc2 Rad8 25. Bg5 Rc8 26. Bd2 h6 27. Bc1 Rcd8
28. Rd2 Kh7 29. h4 Nd5 30. Bb2 Nf4 31. Red1 Qf7 32. Ra1 Rc8 33. Qd1 Nb8 34. Ne1
Bf6 35. h5 Nxh5 36. Nxh5 gxh5 37. Qf3 Bg5 1/2-1/2

[Event "Kent league"]
[Site "?"]
[Date "1998.11.03"]
[Round "?"]
[White "Stebbings, A."]
[Black "Harakis, A."]
[Result "1-0"]
[WhiteElo "2248"]
[BlackElo "2072"]
[PlyCount "72"]
[EventDate "1998.??.??"]

1. d4 Nf6 2. c4 e6 3. Nc3 d5 4. Bg5 Be7 5. e3 h6 6. Bh4 O-O 7. Rc1 a6 8. Nf3
Nbd7 9. a3 c6 10. Bd3 b5 11. cxd5 cxd5 12. O-O Bb7 13. Ne2 Bd6 14. Bg3 Qb6 15.
Bxd6 Qxd6 16. a4 bxa4 17. Qxa4 Rfc8 18. Qa5 Ne8 19. Nd2 Qb6 20. Qxb6 Nxb6 21.
Rxc8 Rxc8 22. Ra1 Nc4 23. Bxc4 dxc4 24. Nc3 Nd6 25. Ra5 Rc6 26. Na4 Kf8 27. Kf1
Ke7 28. Ke2 g5 29. g3 g4 30. Rc5 f5 31. Kd1 h5 32. Kc2 h4 33. Kc3 Kf6 34. Rxc6
Bxc6 35. Nb6 Bb5 36. Kb4 h3 1-0

[Event "London league"]
[Site "?"]
[Date "1998.11.12"]
[Round "?"]
[White "Stebbings, A."]
[Black "Faller, A."]
[Result "0-1"]
[WhiteElo "2248"]
[BlackElo "2104"]
[PlyCount "72"]
[EventDate "1998.??.??"]

1. d4 Nf6 2. c4 g6 3. Nc3 Bg7 4. g3 O-O 5. Bg2 d6 6. e3 Nbd7 7. Nge2 e5 8. b3
Re8 9. a4 c6 10. Ra2 e4 11. Qc2 d5 12. Ba3 Nf8 13. h3 Ne6 14. cxd5 cxd5 15. Nb5
Bf8 16. Bxf8 Rxf8 17. Qc1 a6 18. Nbc3 Bd7 19. Qa3 Bc6 20. O-O Qd7 21. Kh2 Kg7
22. b4 h5 23. Qb3 Qd6 24. b5 axb5 25. Nxb5 Qd7 26. Rb1 h4 27. Nbc3 hxg3+ 28.
fxg3 Rh8 29. Kg1 Ng5 30. Nf4 Nf3+ 31. Bxf3 exf3 32. Kf2 g5 33. Nd3 Qxh3 34. Rg1
Qf5 35. Ne5 Rh2+ 36. Kf1 f2 0-1

[Event "Kent league"]
[Site "?"]
[Date "1998.11.24"]
[Round "?"]
[White "Ruston, M."]
[Black "Stebbings, A."]
[Result "1-0"]
[WhiteElo "2008"]
[BlackElo "2248"]
[PlyCount "39"]
[EventDate "1998.??.??"]

1. e4 c5 2. Nc3 Nc6 3. g3 g6 4. Bg2 Bg7 5. d3 d6 6. Be3 e5 7. Qd2 Nge7 8. h4 h5
9. Nh3 Nd4 10. f4 Bg4 11. Qf2 Qd7 12. Nd1 Qa4 13. O-O O-O 14. c3 Nc2 15. b3 Qd7
16. Qxc2 Bxh3 17. f5 Bxg2 18. Qxg2 gxf5 19. exf5 Nxf5 20. Qh3 1-0

[Event "National Club ch."]
[Site "?"]
[Date "1998.12.05"]
[Round "?"]
[White "Grossett, D."]
[Black "Stebbings, A."]
[Result "1/2-1/2"]
[WhiteElo "2048"]
[BlackElo "2248"]
[PlyCount "81"]
[EventDate "1998.??.??"]

1. d4 Nf6 2. Nf3 e6 3. Bg5 h6 4. Bxf6 Qxf6 5. e3 c5 6. Be2 b6 7. c4 cxd4 8.
Qxd4 Bb4+ 9. Nbd2 Qxd4 10. Nxd4 Bb7 11. a3 Bxd2+ 12. Kxd2 Ke7 13. Rhd1 Bxg2 14.
f3 Bh3 15. Rg1 Rg8 16. Rg3 Bf5 17. Rag1 Bg6 18. f4 Nc6 19. h4 h5 20. Rg5 Rac8
21. b4 Rh8 22. Kc3 d6 23. Bf3 Nxd4 24. Kxd4 Rc7 25. e4 Kf6 26. Be2 Re8 27. Rf1
Ke7 28. f5 exf5 29. exf5 Kf8 30. Bf3 Bh7 31. Rxh5 Kg8 32. Rg5 Re5 33. Bd5 Kh8
34. Rf4 Re1 35. Rg3 Re5 36. Re3 f6 37. Be6 Bg8 38. Rfe4 a5 39. Rxe5 dxe5+ 40.
Kd5 Rd7+ 41. Kc6 1/2-1/2

[Event "London league"]
[Site "?"]
[Date "1999.01.18"]
[Round "?"]
[White "Stebbings, A."]
[Black "Levitt, J."]
[Result "1/2-1/2"]
[WhiteElo "2248"]
[BlackElo "2440"]
[PlyCount "34"]
[EventDate "1999.??.??"]

1. e4 c5 2. Nf3 e6 3. d4 cxd4 4. Nxd4 Nf6 5. Nc3 Bb4 6. e5 Nd5 7. Bd2 Nxc3 8.
bxc3 Be7 9. Qg4 g6 10. Bd3 d6 11. exd6 Qxd6 12. Nb5 Qe5+ 13. Qe4 Qxe4+ 14. Bxe4
Na6 15. Be3 O-O 16. Nxa7 Nc5 17. Bxc5 Bxc5 1/2-1/2

[Event "London league"]
[Site "?"]
[Date "1999.02.01"]
[Round "?"]
[White "Stebbings, A."]
[Black "Berry, S."]
[Result "1-0"]
[WhiteElo "2248"]
[BlackElo "2216"]
[PlyCount "111"]
[EventDate "1999.??.??"]

1. e4 e5 2. Nf3 d6 3. d4 exd4 4. Nxd4 Nf6 5. Nc3 Be7 6. Bc4 O-O 7. O-O Nc6 8.
Re1 Re8 9. Bf4 Ne5 10. Bb3 a6 11. a4 Bd7 12. h3 h6 13. Bg3 Nc6 14. Qd3 Rf8 15.
a5 Qc8 16. Nxc6 Bxc6 17. e5 dxe5 18. Bxe5 Rd8 19. Qc4 Rf8 20. Rad1 Qf5 21. Bxc7
Rae8 22. Qd3 Qxd3 23. Rxd3 Bc5 24. Rdd1 Bb4 25. Rxe8 Rxe8 26. Rd8 Bxc3 27. bxc3
Rxd8 28. Bxd8 Nd5 29. c4 Nf4 30. f3 Kf8 31. Kf2 Ke8 32. Bb6 Kd7 33. Bd4 Ne6 34.
Ke3 Nxd4 35. Kxd4 f6 36. c5 Kc7 37. Bf7 Ba4 38. Bg6 Bc6 39. h4 Bb5 40. Kd5 Kd7
41. Bf5+ Ke7 42. c6 bxc6+ 43. Kc5 g5 44. g3 Be2 45. f4 gxf4 46. gxf4 Bb5 47. c4
Ba4 48. Be4 Kd7 49. Kb6 Kd6 50. c5+ Kd7 51. Kb7 Bb5 52. Bf3 Ke6 53. Bxc6 Bd3
54. Bg2 Kf5 55. c6 Kxf4 56. c7 1-0

[Event "London league"]
[Site "?"]
[Date "1999.02.15"]
[Round "?"]
[White "Stebbings, A."]
[Black "Lalic, B."]
[Result "0-1"]
[WhiteElo "2248"]
[BlackElo "2552"]
[PlyCount "88"]
[EventDate "1999.??.??"]

1. e4 c6 2. d4 d5 3. exd5 cxd5 4. c4 Nf6 5. Nc3 g6 6. Qb3 Bg7 7. cxd5 O-O 8.
Be2 Na6 9. Bf3 Qb6 10. Qxb6 axb6 11. Nge2 Nb4 12. O-O Rd8 13. d6 Rxd6 14. Bf4
Rd7 15. Rfd1 Nfd5 16. Be5 Nxc3 17. Nxc3 Nc2 18. Rac1 Nxd4 19. Bxd4 Rxd4 20. Nd5
Be6 21. Nc7 Rxa2 22. Nxe6 fxe6 23. b3 Rb2 24. Bxb7 Rxb3 25. g3 Kf7 26. Kg2 b5
27. Rb1 Rxb1 28. Rxb1 Rd2 29. Rxb5 Bd4 30. Kf3 Rxf2+ 31. Ke4 e5 32. h3 Re2+ 33.
Kf3 Re3+ 34. Kg2 e4 35. Bd5+ e6 36. Bc4 Rc3 37. Bb3 Kf6 38. Bd1 Rc1 39. Be2
Rg1+ 40. Kh2 Re1 41. Bc4 Rc1 42. Rb4 Rc2+ 43. Kh1 Bc5 44. Ra4 e3 0-1

[Event "London league"]
[Site "?"]
[Date "1999.03.04"]
[Round "?"]
[White "Stebbings, A."]
[Black "Sugden, J."]
[Result "1/2-1/2"]
[WhiteElo "2248"]
[BlackElo "2184"]
[PlyCount "68"]
[EventDate "1999.??.??"]

1. d4 f5 2. Bg5 h6 3. Bh4 g5 4. e3 Nf6 5. Bg3 d6 6. Nc3 Bg7 7. Bd3 Nc6 8. h4 e5
9. hxg5 hxg5 10. Rxh8+ Bxh8 11. dxe5 dxe5 12. Bb5 Qxd1+ 13. Rxd1 f4 14. exf4
exf4 15. Bh2 Bd7 16. Nf3 Ng4 17. Nd5 O-O-O 18. c3 Re8+ 19. Kf1 Nxh2+ 20. Nxh2
a6 21. Be2 Ne5 22. Nf3 Nxf3 23. Bxf3 Bf5 24. Re1 Rxe1+ 25. Kxe1 Bb1 26. a3 c6
27. Nb6+ Kc7 28. Nc4 Bf5 29. Nd2 g4 30. Be4 Be6 31. Ke2 Kd6 32. Kd3 Ke5 33. f3
g3 34. Nc4+ Bxc4+ 1/2-1/2

[Event "London league"]
[Site "?"]
[Date "1999.03.15"]
[Round "?"]
[White "O'Kelly, R."]
[Black "Stebbings, A."]
[Result "0-1"]
[WhiteElo "2120"]
[BlackElo "2248"]
[PlyCount "66"]
[EventDate "1999.??.??"]

1. d4 Nf6 2. c4 e6 3. g3 Bb4+ 4. Nd2 c5 5. dxc5 Bxc5 6. Bg2 Qc7 7. Ngf3 a6 8.
O-O Be7 9. b3 b6 10. e4 d6 11. Bb2 Bb7 12. Qe2 Nbd7 13. Nd4 O-O 14. f4 Rfe8 15.
Rad1 Bf8 16. Rfe1 e5 17. Nf5 g6 18. fxe5 Nxe5 19. Ne3 Bg7 20. Rf1 Re7 21. Rf4
Rae8 22. Rdf1 Nfd7 23. h3 Nc5 24. Ng4 Nxg4 25. Bxg7 Kxg7 26. Qxg4 Nd3 27. R4f3
Ne5 28. Qf4 Nxf3+ 29. Bxf3 Qc5+ 30. Kh2 Qd4 31. Bg2 Qe5 32. Qh4 h6 33. Rf4 Qg5
0-1

[Event "London league"]
[Site "?"]
[Date "1999.04.15"]
[Round "?"]
[White "Stebbings, A."]
[Black "Hansen, C."]
[Result "1/2-1/2"]
[WhiteElo "2248"]
[BlackElo "2312"]
[PlyCount "79"]
[EventDate "1999.??.??"]

1. e4 c5 2. Nf3 Nc6 3. d4 cxd4 4. Nxd4 g6 5. c4 Nf6 6. Nc3 d6 7. Nc2 Bg7 8. Be2
Nd7 9. Bd2 Nc5 10. O-O O-O 11. b3 Bxc3 12. Bxc3 Nxe4 13. Bb2 a5 14. Qc1 e5 15.
Bf3 Nc5 16. Qd2 Qe7 17. Rad1 Rd8 18. Ne3 Be6 19. Bc3 Nb4 20. g3 Rd7 21. Bg2 f6
22. f4 f5 23. Bxb4 axb4 24. Qxb4 e4 25. a4 Bf7 26. Rd4 Qf6 27. Rfd1 Nd3 28. Qc3
Kg7 29. Bf1 Nc5 30. Bg2 Rc8 31. Qb4 Nd3 32. Qc3 d5 33. Qa1 Rcd8 34. cxd5 Bxd5
35. Rxd5 Rxd5 36. Qxf6+ Kxf6 37. Nxd5+ Rxd5 38. Bf1 Nxf4 39. Rc1 Ne6 40. Bc4
1/2-1/2

[Event "National Club ch."]
[Site "?"]
[Date "1999.04.18"]
[Round "?"]
[White "Stebbings, A."]
[Black "Gait, P."]
[Result "1/2-1/2"]
[WhiteElo "2248"]
[BlackElo "2168"]
[PlyCount "52"]
[EventDate "1999.??.??"]

1. e4 e6 2. d4 d5 3. Nd2 dxe4 4. Nxe4 Nf6 5. Nxf6+ gxf6 6. Nf3 b6 7. g3 Bb7 8.
Bg2 Bg7 9. Bf4 O-O 10. Qd2 Nd7 11. O-O Rc8 12. Rad1 Re8 13. Rfe1 Nf8 14. c4 Ng6
15. Bh6 c5 16. Bxg7 Kxg7 17. d5 exd5 18. Rxe8 Qxe8 19. cxd5 Rd8 20. d6 Qa4 21.
b3 Qg4 22. h3 Qf5 23. g4 Qf4 24. Nh4 Bc8 25. Nf3 Bb7 26. Nh4 Bc8 1/2-1/2